The 1990s Music Videos Quiz - Statistics

General Stats
  • This quiz has been taken 242 times
  • The average score is 21 of 50
Answer Stats
Picture Hint Answer % Correct
1991 Smells Like Teen Spirit
85%
1992 I Will Always Love You
82%
1998 ...Baby One More Time
80%
1990 Ice Ice Baby
77%
1990 U Can't Touch This
77%
1997 My Heart Will Go On
76%
1997 Barbie Girl
74%
1996 Wannabe
74%
1998 Believe
67%
1996 Don't Speak
60%
1995 Wonderwall
60%
1999 All Star
59%
1999 Genie in a Bottle
59%
1999 I Want It That Way
55%
1995 Waterfalls
55%
1997 Men in Black
54%
1996 Ironic
52%
1995 California Love
49%
1992 Baby Got Back
48%
1995 Macarena
48%
1991 Black or White
46%
1992 Tears In Heaven
46%
1999 My Name Is
45%
1997 Everybody (Backstreet's Back)
44%
1994 Cotton Eye Joe
43%
1995 Gangsta's Paradise
42%
1994 Kiss From a Rose
42%
1998 Gettin' Jiggy Wit It
38%
1991 Beauty and the Beast
36%
1998 I Don't Want To Miss A Thing
35%
1998 Iris
34%
1991 (Everything I Do) I Do It For You
33%
1992 Informer
32%
1993 It Was A Good Day
32%
1992 End Of The Road
31%
1991 I Can't Dance
28%
1994 Black Hole Sun
27%
1993 I'd Do Anything For Love (But I Won't Do That)
27%
1999 Maria Maria
26%
1994 Gin & Juice
22%
1993 Are You Gonna Go My Way?
19%
1990 Blaze Of Glory
17%
1993 I Have Nothing
17%
1996 Return of the Mack
14%
1996 Tonight, Tonight
12%
1997 Tubthumping
12%
1990 Escapade
8%
1993 Shoop
8%
1990 Step by Step
6%
1994 Here Comes The Hotstepper
4%
No matching quizzes found
Score Distribution
Percent of People with Each Score
Percentile by Number Answered
Your Score History
You have not taken this quiz